Quizzes
Events
Quiz Creation
Community
Videos
Private Events
Remove Ads
Sign In
Join for FREE
Feedback
Dark Mode
Quiz Categories
Sports
Geography
Music
Movies
Television
Just For Fun
Miscellaneous
History
Literature
Language
Science
Gaming
Entertainment
Religion
Holiday
For Kids
Quiz Lab
Recent
Popular Today
Quiz Kudos Today
Editor Picks
Curator Picks
Quizzes by...
Day
Popularity
Type
Ratings
Length
Year
Community
Subscriptions
Recent Discussions
Orange Saloon
Badges
Playlists
Quests
Create
Leaderboards
Showdown
Live 5
Trivia Bingo
Activity
Puzzle Library
Sporcle Events
Private Events
Virtual Trivia
Globe League
Become a Host
Pub Owners
SporcleCon
Opinionation
Our Games
Videos
Blog
Mobile Apps
Partnerships
Remove Ads and Go Orange
Feedback
Movies
Disney
Marvel Cinematic Universe
Movie Resume
Movie Titles
Oscar
Actor
Actress
Director
Pixar
Role
Movie Quotes
Movie Characters
Box Office
Nominee
Best Picture
Star Wars
James Bond
Horror Movies
Movies
Disney
Marvel Cinematic Universe
Movie Resume
Movie Titles
Oscar
Actor
Actress
Director
Pixar
Role
Movie Quotes
Movie Characters
Box Office
Nominee
Best Picture
Star Wars
James Bond
Horror Movies
Random Quiz
Search Sporcle
×
Quiz Lab
Quiz Lab
Movies
Actor
Type in answers that appear in a list
Type in answers that appear in a list
Classic
Best Score? Go Orange.
Highest Grossing Movie by Actor Stats
Can you name the highest grossing movie by actor?
By
fantasyhero990
5m
30 Questions
487 Plays
487 Plays
487 Plays
Comments
Comments
Give Quiz Kudos
Give Quiz Kudos
-
- Ratings
hide this ad
More Info
Replay
Link that replays current quiz
Next Quiz
Link to next quiz in quiz playlist
You Got
0%
They Got
Avg Score
54%
Avg Friend Score
Upgrade to see
Score Distribution
Jump to the score distribution portion of the page
Score
0/30
Timer
05:00
0
Plays Today
Actor
Movie
% Correct
Christian Bale
The Dark Knight
93.4%
Robert Downey Jr.
Iron Man
90.8%
Leonardo DiCaprio
Titanic
81.9%
Sandra Bullock
The Blind Side
81.7%
Al Pacino
The Godfather
75.2%
Arnold Schwarzenegger
Terminator 2: Judgement Day
73.5%
Drew Barrymore
E.T.
73.1%
George Clooney
Ocean's Eleven
72.1%
Harrison Ford
Star Wars
71.7%
Matt Damon
The Bourne Ultimatum
70.8%
Will Smith
Independence Day
68.2%
Viggo Mortensen
Lord of the Rings: Return of the King
67.6%
Robert DeNiro
Meet the Fockers
60.6%
Johnny Depp
Pirates of the Caribbean: Dead Man's Chest
59.1%
Tom Cruise
War of the Worlds
51.7%
Actor
Movie
% Correct
Will Ferrell
Elf
51.1%
Bruce Willis
The Sixth Sense
49.9%
Adam Sandler
Big Daddy
49.5%
Meryl Streep
Mamma Mia
48%
Ben Affleck
Armageddon
43.9%
Angelina Jolie (voice)
Kung Fu Panda
42.9%
Denzel Washington
American Gangster
39.6%
Slyvester Stallone
Rambo First Blood: Part 2
38%
Brad Pitt
Mr. and Mrs. Smith
33.1%
Jake Gyllenhaal
The Day After Tomorrow
31.6%
Mark Wahlberg
The Perfect Storm
31%
Mel Gibson
Signs
26.9%
Gerard Butler (voice)
How to Train Your Dragon
26.1%
Matthew McConaughey
A Time to Kill
25.9%
Nicole Kidman (voice)
Happy Feet
19.3%
Quiz Playlist
Details
Report
Send in Message
Add To Playlist
More Info:
*The answers and based on statistics from BoxOfficeMojo and only consider domestic gross. *Cameo appearences aren't included
Classic:
Type in answers that appear in a list
Last Updated: Feb 16, 2017
Quiz Scoreboard
CHALLENGE
Sign Up to Join the Scoreboard
Show All
Scores
Hide
Comments
May contain spoilers
Recently Published
Billboard Blitz: Fleetwood Mac
by CooCooCachoo
Music
15s
Presidents Visiting Landmarks
by Hejman
History
7m
An Introduction to Baseball
by treessimontrees
Sports
5m
More to Explore
Quiz From the Vault
Featured Blog Post
Where Did the Easter Bunny Come From?
hide this ad
You Might Also Like...
Tags
Actor Quiz
Box Office Quiz
highest
Today's Top Quizzes in Movies
Browse Movies
hide this ad
Today's Top Quizzes in Actor
Browse Actor
Top Contributed Quizzes in Movies
1
Pick 5 Posters: Directed by Spielberg
2
7-to-1: Pixar Characters
3
Pick 5 Posters: Lowest-Rated Spielberg
4
Sorting Actors
5
Pick 5 Posters: Directed by Scorsese
6
Sorting Actresses
7
Pick 5 Posters: Star & Director
8
Pick 5 Posters: Women Directed 2020s
9
12 Movies about Fictional 1960s Events
10
Multi-Oscar Nominations, One Movie, One Winner
Explore More
Trending Topics
Kpop
NBA
Crossword
Marvel
Harry Potter
Disney
Anime
The Office
WWE
Song
NFL
Puzzle
Soccer
Pokémon
Country
hide this ad
More By:
fantasyhero990
Quiz
Plays
Rating
Category
Featured
Created
Highest Grossing Movie by Actor
487
4.00
Movies
Nov 30, 2010
Go to Creator's Profile
Score Distribution
Quiz Creator Spotlight
fantasyhero990
Follow
Send a Message
Quizzes Created
-
Created Quiz Play Count
-
More By This Creator
Popular Quizzes Today
1
Find the US States - No Outlines Minefield
2
Find the Countries of Europe - No Outlines Minefield
3
The Countries of the World
4
Find the US States
5
Risky Map Clicking: Biggest States A-Z
6
US States
7
Popular People in 1961
8
Movies - When Are They Set?
More Movies Quizzes
Pick 3 Animated Movie Characters
Published
Trending Quizzes
Risky Map Clicking: Least Populous States A-Z
1-10 Letter G Words
1-10 Letter F Words
Risky Map Clicking: Next State Alphabetically
Risky Map Clicking: Biggest States A-Z
Recently Updated
Leaping Animals
pecheneg
Reality TV Shows (A-Z)
bhenderson79
Rickey Henderson's Hall of Fame Teammates
pecheneg
Champions League XIs: Arsenal
pecheneg
Quick Pick: Celebrities in WWE's Hall of Fame
aduchscher
A-Z Keypad Blitz II
pecheneg
Multiple Oscar Actors
pecheneg
Mystery Phrase Blitz: Oscar 'Best Actors'
pecheneg
F. Scott Fitzgerald Novels
LTH
Pick 3 Villains
ddd62291
Trending Topics
NBA
Disney
Marvel
Anime
Crossword
Harry Potter
Kpop
Country
Puzzle
Song
The Office
Pokémon
WWE
Soccer
NFL
Your Account Isn't Verified!
In order to create a playlist on Sporcle, you need to verify the email address you used during registration. Go to your
Sporcle Settings
to finish the process.
Report this User
Report this user for behavior that violates our
Community Guidelines
.
Details:
Send Report
Go to the Sporcle.com Mobile Site →
Comments